| 000 | 00792cam a2200217 4500 | ||
|---|---|---|---|
| 001 | ABS61749 | ||
| 008 | 000000n2000 000 0 eng u | ||
| 035 | _a(Sirsi) u103757 | ||
| 100 | _aAlderson, F. | ||
| 245 | _aVariations to the schedule prove costly | ||
| 260 | _c2000 | ||
| 490 |
_aConstruction News _v(6648) 13 January 2000, 18(1) |
||
| 520 | _aDiscusses the decision in "Demolition Services Ltd v Castlevale Housing Action Trust" which highlighted the problem of identifying a variation under the ambiguous terms of a contract. | ||
| 590 | _aABS | ||
| 650 | _aVARIATION | ||
| 650 | _aDEMOLITION SERVICES LTD V CASTLEVALE HOUSING ACTION TRUST | ||
| 650 | _aCONTRACT TERMS | ||
| 650 | _aASBESTOS REMOVAL | ||
| 690 | _aBUILT ENVIRONMENT-BUILDING CONTRACT FORMS | ||
| 942 | _n0 | ||
| 999 |
_c62310 _d62310 |
||